Comparative morphobiometry of ×Butyagrus nabonnandii (Arecaceae) and its parents, Syagrus romanzoffiana and Butia odorata, in natural vegetation of Rio Grande do Sul, Brazil (Registro n. 339492)
[ somente texto ]
| 000 -LÍDER | |
|---|---|
| fixed length control field | 04050nab a2200361 i 4500 |
| 003 - CÓDIGO MARC DA AGÊNCIA CATALOGADORA | |
| Campo de controle | BR-BrBNA |
| 005 - DATA E HORA DA ÚLTIMA ATUALIZAÇÃO | |
| Campo de controle | 20251218121938.0 |
| 008 - CAMPO DE TAMANHO FIXO | |
| fixed length control field | 251218b2024 bl.ar|pooa||| 00| 0 eng | |
| 040 ## - FONTE DA CATALOGAÇÃO | |
| Agência catalogadora | BR-BrBNA |
| Idioma da catalogação | eng |
| 072 ## - CATEGORIA AGRIS | |
| Código AGRIS | F50 |
| 072 ## - CATEGORIA AGRIS | |
| Código AGRIS | F63 |
| 072 ## - CATEGORIA AGRIS | |
| Código AGRIS | F30 |
| 072 ## - CATEGORIA AGRIS | |
| Código AGRIS | F70 |
| 100 ## - ENTRADA PRINCIPAL - NOME PESSOAL | |
| Nome pessoal | Rosa, Lurdes Zanchetta da |
| 100 ## - ENTRADA PRINCIPAL - NOME PESSOAL | |
| Nome pessoal | Almeida, Carlos Gabriel Moreira de |
| 100 ## - ENTRADA PRINCIPAL - NOME PESSOAL | |
| Nome pessoal | Hüther, Cristina Moll |
| 100 ## - ENTRADA PRINCIPAL - NOME PESSOAL | |
| Nome pessoal | Pereira, Antonio Batista |
| 100 ## - ENTRADA PRINCIPAL - NOME PESSOAL | |
| Nome pessoal | Kuhn, Sofia Aumond |
| 100 ## - ENTRADA PRINCIPAL - NOME PESSOAL | |
| Nome pessoal | Cogo, Mauricio Ricardo de Melo |
| 100 ## - ENTRADA PRINCIPAL - NOME PESSOAL | |
| Nome pessoal | Laindorf, Bruna Lúcia |
| 100 ## - ENTRADA PRINCIPAL - NOME PESSOAL | |
| Nome pessoal | Souza, Velci Queiroz de |
| 245 ## - TÍTULO PRINCIPAL | |
| Título principal | Comparative morphobiometry of ×Butyagrus nabonnandii (Arecaceae) and its parents, Syagrus romanzoffiana and Butia odorata, in natural vegetation of Rio Grande do Sul, Brazil |
| 500 ## - NOTA GERAL | |
| Nota geral | Publicação on-line; 30 ref.; 4 tables; 4 illus.; Summaries (En, Pt) |
| 942 ## - ADDED ENTRY ELEMENTS (KOHA) | |
| Koha item type | Analítica |
| 520 ## - NOTA DE RESUMO | |
| Nota de conteúdo | <br/><br/>Abstract<br/><br/>The worldwide cultivation of palm trees has sparked the interest of researchers and the population in general<br/>due to their economic, ecosystemic, food, and landscape potential in their areas of occurrence. Among the<br/>species of this family in Rio Grande do Sul (RS), Brazil, ×Butyagrus nabonnandii and its parents, Syagrus<br/>romanzoffiana and Butia odorata, stand out. Until recently, ×B. nabonnandii was considered sterile due to<br/>the lack of records on seed germination. However, our group recently demonstrated the germination of the<br/>hybrids’ seeds from three natural populations in RS, indicating that it is fertile. The present study assessed<br/>the vegetative and reproductive morphology and biometry of ×B. nabonnandii and its parents infour natural<br/>populations in RS. The hybrid had characteristics common to both parents, in addition to unique ones. The<br/>comparative morphological characterization of individuals in natural environments and their parents is<br/>necessary to understand patterns of phenotypic variability and distribution of genetic diversity between and<br/>within populations and support programs aiming to recover, maintain, and sustainably use these resources.<br/><br/>Key words: comparative morphometry, intergeneric hybrid, mule palm, palm trees.<br/><br/><br/><br/><br/>Resumo<br/><br/>O cultivo mundial de palmeiras tem despertado o interesse de pesquisadores e da população no geral, devido<br/>ao seu potencial econômico, ecossistêmico, alimentar e paisagístico que desempenham nas áreas de ocorrência.<br/>Dentre os taxa dessa família, no Rio Grande do Sul (RS), Brasil, destacam-se ×Butyagrus nabonnandii e seus <br/>progenitores, Syagrus romanzoffiana e Butia odorata. Tradicionalmente, ×B. nabonnandii era considerado<br/>estéril pela falta de registros de germinação de suas sementes. Entretanto, nosso grupo demonstrou recentemente<br/>a germinação de sementes do híbrido originadas de três populações naturais do RS. O presente trabalho avaliou<br/>e aferiu a morfologia vegetativa e reprodutiva de ×B. nabonnandii, comparando-as com seus progenitores<br/>em quatro populações naturais do RS. O híbrido apresentou características comuns a ambos os genitores,<br/>além de características exclusivas. A caracterização morfológica comparativa de indivíduos estabelecidos<br/>em ambientes naturais e seus progenitores é necessária para compreender padrões de variabilidade fenotípica<br/>e distribuição da diversidade genética inter e intrapopulacional, com o intuito de subsidiar medidas de<br/>recuperação, manutenção e uso sustentável desses recursos.<br/><br/>Palavras-chave: morfometria comparativa, híbrido intergênero, palmeira mula, palmeiras. |
| 650 ## - ASSUNTO - THESAGRO | |
| Cabeçalho tópico ou nome geográfico | PALMEIRA OLEAGINOSA |
| 650 ## - ASSUNTO - THESAGRO | |
| Cabeçalho tópico ou nome geográfico | HÍBRIDO |
| 650 ## - ASSUNTO - THESAGRO | |
| Cabeçalho tópico ou nome geográfico | MORFOLOGIA VEGETAL |
| 650 ## - ASSUNTO - THESAGRO | |
| Cabeçalho tópico ou nome geográfico | RIO GRANDE DO SUL |
| 773 0# - ENTRADA ANALÍTICA | |
| Host Biblionumber | 709 |
| Registro do item | 359346 |
| Imprenta | Rio de Janeiro-RJ Jardim Botanico do Rio de Janeiro 1935 |
| Outro identificador | 2025-7320 |
| Título | Rodriguésia (Brazil) |
| ISSN | 0370-6583; 2175-7860 on-line |
| Colação | v. 75 p. 1-13; (2024) |
| Número de controle de registro | BR2025004501 |
| 856 ## - ACESSO E ENDEREÇO ELETRÔNICO | |
| Identificador uniforme de recurso - URI | https://www.scielo.br/j/rod/a/dw7CrHkX9LQsNR9JRsrzWdb/?format=pdf&lang=en |
Nenhum exemplar disponível.

BINAGRI